[Event "FRA-ch U12"]
[Site "Le Grand Bornand"]
[Date "2003.??.??"]
[Round "1.8"]
[White "Demuth, Adrien"]
[Black "Lansin, Etienne"]
[Result "1-0"]
[WhiteElo "1880"]
[BlackElo "1550"]
[PlyCount "81"]
[EventDate "2003.??.??"]
[EventType "swiss"]
[EventRounds "9"]
[EventCountry "FRA"]
[SourceTitle "EXT 2004"]
[Source "ChessBase"]
[SourceDate "2003.11.25"]
[SourceVersion "1"]
[SourceVersionDate "2003.11.25"]
[SourceQuality "1"]

1. d4 d5 2. c4 c6 3. Nc3 Nf6 4. Bf4 Bf5 5. e3 e6 6. Nf3 Bd6 7. Ne5 Nbd7 8. Nxf7 Kxf7 9. Bxd6 Nb6 10. c5 Nc8 11. Bg3 Ne7 12. f3 Ng6 13. Bd3 Bxd3 14. Qxd3 Qe7 15. Bd6 Qe8 16. 0-0 e5 17. Rae1 Qe6 18. dxe5 Nxe5 19. Bxe5 Qxe5 20. Qd4 Qxd4 21. exd4 Rhe8 22. Kf2 Kg6 23. b4 Ng8 24. b5 Kf7 25. Rb1 Rab8 26. Rb3 a6 27. bxa6 bxa6 28. Rfb1 Ra8 29. Rb7+ Re7 30. Na4 Ra7 31. R7b6 Rec7 32. Nb2 Ne7 33. Nd3 a5 34. a4 Ng6 35. f4 Kf6 36. g3 Kf5 37. Kf3 Ra8 38. Re1 Raa7 39. Ne5 Nxe5+ 40. Rxe5+ Kf6 41. Rxd5 1-0